000 00962nam a2200241Ia 4500
003 OSt
005 20220923214255.0
006 a|||||r|||| 00| 0
007 ta
008 220922b |||||||| |||| 00| 0 hin d
024 _a168,342
037 _cTextual
040 _aARTS
_cARTS
_bhin
041 _2hin
_ahin
082 _aO152jM65, K6
100 _aउपाध्याय, अयोध्यासिंह, हरिऔध
_9160531
245 0 _aशती स्मारक ग्रन्थ, संपा -विश्वनाथ लाल शैदा ओर किशोरी लाल गुप्त
246 _aShatī smārak grantha, sanpā0-vishvanāth lāl shaidā or kishorī lāl gupta
260 _c1966
650 _aहिन्दी साहित्य
_9156264
942 _hO152jM65, K6
_cTEXL
_2CC
999 _c322812
_d322812